000 02472nam1a2200313 i 4500
001 RU\NLR\BIBL_A\011321555
005 20260405175343.0
010 _a9785943850936
035 _a(NLR Aleph) 011321555
090 _a11081351
_c11081351
100 _a20170119g20139999u y0rusy50 ca
101 0 _arus
102 _aRU
105 _a j
200 1 _aМашины для содержания городских и автомобильных дорог
_eучебное пособие для студентов вузов, обучающихся по специальности "Подъемно-траснпортные, строительные, дорожные машины и оборудование" направления подготовки "Транспортные машины и транспортно-технологические комплексы" и "Сервис транспортных и технологических машин и оборудования (Строительные, дорожные и коммунальные машины)" направления подготовки "Эксплуатация наземного транспорта и транспортного оборудования"
_fВ.И. Баловнев, Р.Г. Данилов, А.Г. Савельев
_gпод общ. ред. засл. деят. науки и техники РФ, акад. Рос. акад. трансп., д.т.н., проф. В.И. Баловнева
210 _aМосква
_cТехполиграфцентр
_d2013
215 _d22
606 _aДорожные машины
_jУчебные издания для высших учебных заведений
_91046082
_3RU\NLR\auth\6685559
606 _aМашины для коммунальных работ
_jУчебные издания для высших учебных заведений
_91056360
_3RU\NLR\auth\6690879
686 1 _aО311-06-5я73-1
686 1 _aН9-5я73-1
700 1 _aБаловнев
_bВ. И.
_gВладилен Иванович
701 1 _7ca
_8rus
_aДанилов
_bР. Г.
_cканд. техн. наук
_gРоман Геннадиевич
_9157356
_3RU\NLR\AUTH\770157396
701 1 _8rus
_7ca
_aСавельев
_bА. Г.
_cд-р техн. наук
_gАндрей Геннадьевич
_3RU\NLR\AUTH\7776450
_959378
852 _aNLR
_j2017-5/313
942 _cBOOK
980 _aNBR